City in Malaysia, Indonesia, or Thailand? - Statistics

General Stats
  • This quiz has been taken 536 times
  • The average score is 12 of 15
Answer Stats
Question Answer % Correct
Kuala Lumpur Malaysia
96%
Pattaya Thailand
94%
Chiang Mai Thailand
93%
Phnom Penh None of the Above
89%
Banda Aceh Indonesia
88%
Penang Malaysia
87%
Vientiane None of the Above
86%
Johor Bahru Malaysia
81%
Jayapura Indonesia
80%
Krabi Thailand
79%
Cebu None of the Above
69%
Malang Indonesia
67%
Kota Kinabalu Malaysia
66%
Sukabumi Indonesia
62%
George Town Malaysia
58%
No matching quizzes found
Score Distribution
Percent of People with Each Score
Percentile by Number Answered
Your Score History
You have not taken this quiz